| 000 | 00827nam a22002537a 4500 | ||
|---|---|---|---|
| 003 | MX-MxINE | ||
| 005 | 20260601193905.0 | ||
| 008 | 260519t1995 mx a|||| |||| 00| 0 spa d | ||
| 020 | _a9686333400 | ||
| 040 |
_aMX-MxINE _bspa _cMX-MxINE _erda |
||
| 041 | _aspa | ||
| 050 |
_aN7850 _bC67 |
||
| 245 |
_aCorpus aureum : _bescultura religiosa |
||
| 264 |
_aMéxico, D.F. : _bMuseo Franz Mayer : _bArtes de México, _cc1995 |
||
| 300 |
_a72 páginas : _bilustracione |
||
| 336 |
_2rdacontent _atexto |
||
| 337 |
_2rdamedia _asin medio |
||
| 338 |
_2rdacarrier _avolumen |
||
| 490 | _aColección uso y estilo | ||
| 610 | 1 |
_aMuseo Franz Mayer (México) _vCatálogos _934425 |
|
| 650 |
_aArte y simbolismo cristianos _yPeríodo moderno, 1500- _934426 |
||
| 650 |
_aEscultura medieval _xTemas, motivos _934427 |
||
| 942 |
_2lcc _cB _n1 |
||
| 999 |
_c22388 _d22388 |
||